[Event "45th Olympiad Budapest 2024"]
[Site "Budapest"]
[Date "2024.09.19"]
[Round "8"]
[Board "2"]
[White "Gorshtein, Ido"]
[Black "Quesada Perez, Luis Ernesto"]
[Result "0-1"]
[WhiteElo "2543"]
[BlackElo "2578"]
[PlyCount "66"]
[EventDate "2024.09.11"]
[EventType "team-tourn"]
[EventRounds "11"]
[EventCountry "HUN"]
[WhiteTeam "Israel"]
[BlackTeam "Cuba"]
[WhiteTeamCountry "ISR"]
[BlackTeamCountry "CUB"]

1. c4 c6 2. Nf3 d5 3. e3 Nf6 4. Nc3 e6 5. b3 Bd6 6. Bb2 O-O 7. Qc2 b6 ({RR} 7... e5 8. cxd5 cxd5 9. Nb5 Nc6 10. Nxd6 Qxd6 11. Be2 Bg4 12. Qd1 Rfe8 13. O-O Rad8 14. d3 d4 15. exd4 exd4 16. Re1 h6 17. Qd2 Re7 18. h3 Bf5 19. Bf1 Rde8 20. Rxe7 Rxe7 21. Re1 Be6 22. Qc1 {½-½ Nepomniachtchi,I (2771)-Erigaisi,A (2712) chess.com SpeedChess 2023 (1.29)}) 8. Be2 ({RR} 8. Rg1 Bb7 9. g4 Na6 10. g5 Nd7 11. a3 Qe7 12. h4 Nc7 13. h5 e5 14. Nh4 Qe6 15. Nf5 g6 16. Nxd6 Qxd6 17. O-O-O b5 18. f4 bxc4 19. bxc4 Ba6 20. d4 exd4 21. Rxd4 Qe7 22. Nd1 Ne6 {1-0 Levin,G (2460)-Haussernot,C (2149) 40th Andorra Open 2024 (8.12)}) 8... Bb7 9. Rg1 Na6 $146 ({RR} 9... Qe7 10. g4 Ba3 11. g5 Nfd7 12. Bxa3 Qxa3 13. h4 Na6 14. h5 Qe7 15. Rg3 dxc4 16. Bxc4 Nb4 17. Qb1 c5 18. a3 Bxf3 19. Rxf3 Ne5 20. Rg3 Nxc4 21. bxc4 Nc6 22. Ne4 Kh8 23. Qb2 Qc7 24. f4 {1-0 Bellahcene,B (2347)-Botta,G (2365) Mulhouse 2012 (4)}) ({RR} 9... Nbd7 10. g4 Ne5 11. Nxe5 Bxe5 12. f4 Bc7 13. g5 Nd7 14. h4 e5 15. f5 e4 16. f6 g6 17. h5 Ne5 18. hxg6 fxg6 19. O-O-O dxc4 20. Qxe4 Nd3+ 21. Bxd3 cxd3 22. Rh1 Qd7 23. Rh6 Qf7 24. Rdh1 {1-0 Petre,N (2306)-De Block,Y (2121) Leuven op 2019 (7)}) 10. g4 e5 11. g5 Nd7 12. a3 Nc7 13. d4 e4 14. Nd2 a5 15. f3 exf3 16. Nxf3 c5 17. O-O-O Re8 18. Kb1 a4 19. bxa4 Rxe3 20. Bc1 Re7 21. h4 Qe8 22. Bd3 g6 23. h5 cxd4 24. Nxd4 Be5 25. Bf1 Nc5 26. Bb2 Nxa4 27. hxg6 hxg6 28. Bg2 Nxb2 29. Qxb2 Rd8 30. Rh1 dxc4 31. Bxb7 Rxd4 32. Rde1 Bg7 33. Ref1 Rd3 0-1

[Event "45th Olympiad Budapest 2024"]
[Site "Budapest"]
[Date "2024.09.19"]
[Round "8"]
[Board "3"]
[White "Miranda Mesa, Elier"]
[Black "Nabaty, Tamir"]
[Result "1-0"]
[WhiteElo "2512"]
[BlackElo "2630"]
[PlyCount "129"]
[EventDate "2024.09.11"]
[EventType "team-tourn"]
[EventRounds "11"]
[EventCountry "HUN"]
[WhiteTeam "Cuba"]
[BlackTeam "Israel"]
[WhiteTeamCountry "CUB"]
[BlackTeamCountry "ISR"]

1. e4 e5 2. Nf3 Nc6 3. Bb5 Nf6 4. O-O Nxe4 5. Re1 Nd6 6. Nxe5 Be7 7. Bf1 Nxe5 8. Rxe5 O-O 9. d4 Ne8 10. Re1 d5 11. c3 ({RR} 11. Bf4 Bd6 12. Be5 c6 13. c3 Bxe5 14. Rxe5 Nd6 15. Bd3 g6 16. Nd2 f6 17. Re3 Bf5 18. Nb3 b6 19. Bxf5 Nxf5 20. Re2 Qd7 {½-½ Carlsen,M (2870)-Nakamura,H (2741) Tata Steel India blitz 2019 (12)}) 11... g6 $146 ({RR} 11... c6 12. Bd3 g6 13. Nd2 Ng7 14. Nf3 Bf5 15. Bh6 Bxd3 16. Qxd3 Re8 17. Bxg7 Kxg7 18. Re2 Bd6 19. Rae1 Qd7 20. g3 f6 21. Kg2 Kf7 22. Qd2 Rxe2 23. Rxe2 Re8 24. Qe1 Rxe2 25. Qxe2 Qe6 26. Kf1 {½-½ Mammadzada,G (2443)-Ju,W (2560) Speed Chess (Women) GP3 blitz 2020 (1.6)}) ({RR} 11... c6 12. Bf4 Bd6 13. Bxd6 Nxd6 14. Bd3 Bf5 15. Bxf5 Nxf5 16. Nd2 Re8 17. Qb3 Nd6 18. h3 Qd7 19. Nf3 f6 20. Qc2 Re4 21. Nd2 Ree8 22. Nf3 Qf5 23. Qxf5 Nxf5 24. Rxe8+ Rxe8 25. Re1 Rxe1+ 26. Nxe1 {½-½ Martinez Alcantara,J (2603)-Nakamura,H (2789) Titled Tue 19th Mar Early 2024 (6)}) ({RR} 11... c6 12. Bf4 Bd6 13. Bxd6 Nxd6 14. Bd3 Bf5 15. Bxf5 Nxf5 16. Nd2 Re8 17. Rxe8+ Qxe8 18. Qf1 Qd7 19. Re1 Re8 20. Re2 Nd6 21. Qe1 Rxe2 22. Qxe2 f6 23. h3 {½-½ Bulski,K (2534)-L'Ami,E (2645) Bundesliga 1314 2013 (8.2)}) 12. Nd2 Ng7 13. Nf3 c6 14. Ne5 Bd6 15. h3 f6 16. Nd3 Qc7 17. Bh6 Bf5 18. Qd2 Rae8 19. Bf4 g5 20. Bxd6 Qxd6 21. Rxe8 Rxe8 22. Re1 Kf7 23. Rxe8 Kxe8 24. Qe3+ Kf7 25. Be2 Bg6 26. Qd2 Qe7 27. Ne1 Nf5 28. Bd3 Nd6 29. Kf1 b6 30. Bxg6+ hxg6 31. Nd3 a5 32. Qe2 Ne4 33. Qg4 c5 34. Kg1 c4 35. Nc1 b5 36. Qe2 b4 37. f3 Nd6 38. Qxe7+ Kxe7 39. Kf2 Nb5 40. cxb4 axb4 41. Ke3 Kd6 42. Ne2 Kc6 43. g4 Nc7 44. f4 Ne6 45. fxg5 fxg5 46. Ng1 Nf4 47. h4 Ng2+ 48. Kf2 Nf4 49. Ke3 Kb5 50. b3 Ne6 51. h5 gxh5 52. gxh5 Ng7 53. Nh3 g4 54. Nf4 c3 55. Kd3 g3 56. h6 Ne6 57. Ng2 Ng5 58. Nf4 Kc6 59. Ng2 Nh7 60. Ne3 Ng5 61. Ke2 Kd7 62. Kf1 Ke6 63. Kg2 Kf7 64. Kxg3 Ne6 65. Nc2 1-0

[Event "45th Olympiad Budapest 2024"]
[Site "Budapest"]
[Date "2024.09.19"]
[Round "8"]
[Board "4"]
[White "Smirin, Ilia"]
[Black "Almeida Quintana, Omar"]
[Result "1-0"]
[WhiteElo "2575"]
[BlackElo "2492"]
[PlyCount "75"]
[EventDate "2024.09.11"]
[EventType "team-tourn"]
[EventRounds "11"]
[EventCountry "HUN"]
[WhiteTeam "Israel"]
[BlackTeam "Cuba"]
[WhiteTeamCountry "ISR"]
[BlackTeamCountry "CUB"]

1. e4 d6 2. d4 Nf6 3. Nc3 e5 4. Nf3 Nbd7 5. Bc4 Be7 6. O-O O-O 7. Re1 c6 8. a4 h6 9. Ba2 Re8 10. h3 exd4 11. Nxd4 Bf8 12. Bf4 Ne5 ({RR} 12... Nc5 13. Qf3 Ne6 14. Bxe6 Bxe6 15. Rad1 Qb6 16. b3 Rad8 17. Re3 d5 18. e5 Nh7 19. Qg3 Kh8 20. Red3 Bc5 21. Nxe6 fxe6 22. Ne2 Rf8 23. Be3 Bxe3 24. Rxe3 Qb4 25. Kh2 Rf7 26. Rd4 Qe7 27. Nf4 {1-0 Saric,I (2657)-Rapport,R (2752) SuperUnited Rapid 2023 (9.4)}) ({RR} 12... Nc5 13. Qf3 Ne6 14. Be3 Ng5 15. Bxg5 hxg5 16. Nf5 Bxf5 17. Qxf5 Re5 18. Qf3 Qb6 19. Bb3 Rae8 20. Red1 a5 21. Rd2 Qc7 22. Rad1 d5 23. Qd3 Bb4 24. Re2 Bxc3 25. bxc3 Nxe4 26. c4 Nc5 27. Rxe5 {0-1 Lobanov,S (2506)-Sanal,V (2574) Titled Tue 11th Jun Late 2024 (6)}) 13. a5 Bd7 14. Bg3 b5 $146 ({RR} 14... Qc7 15. Bb3 Rad8 16. Re3 b5 17. axb6 axb6 18. Qe2 b5 19. f4 Ng6 20. Kh1 Qb6 21. Rd1 b4 22. Na4 Qa7 23. f5 Ne5 24. Bxe5 Rxe5 25. Nf3 Ree8 {0-1 Miljanic,B (2431)-Varga,Z (2495) BIH-chT Neum 2002 (6.2)}) 15. axb6 axb6 16. f4 Ng6 17. Kh2 b5 18. e5 b4 19. exf6 Rxe1 20. Qxe1 bxc3 21. Qxc3 c5 22. Qb3 Rxa2 23. Rxa2 cxd4 24. fxg7 Kxg7 25. Ra7 Be7 26. Qd5 Be6 27. Qxd4+ Bf6 28. Qe4 Qc8 29. b4 d5 30. Qd3 Ne7 31. Bf2 Ng6 32. Bd4 Bxd4 33. Qxd4+ Kg8 34. b5 Qxc2 35. b6 Nh4 36. Ra8+ Kh7 37. Qh8+ Kg6 38. Rg8+ 1-0

[Event "45th Olympiad Budapest 2024"]
[Site "Budapest"]
[Date "2024.09.19"]
[Round "8"]
[Board "1"]
[White "Kadric, Denis"]
[Black "Yilmaz, Mustafa"]
[Result "1-0"]
[WhiteElo "2553"]
[BlackElo "2587"]
[PlyCount "69"]
[EventDate "2024.09.11"]
[EventType "team-tourn"]
[EventRounds "11"]
[EventCountry "HUN"]
[WhiteTeam "Montenegro"]
[BlackTeam "Turkiye"]
[WhiteTeamCountry "MNE"]

1. e4 e5 2. Nf3 Nc6 3. Bc4 Bc5 4. c3 Nf6 5. d3 d6 6. Bg5 h6 7. Bh4 a5 8. Nbd2 Ba7 9. a3 g5 10. Bg3 Qe7 11. O-O Bd7 $146 ({RR} 11... Nh7 12. b4 h5 13. h4 g4 14. Ne1 Nf8 15. Nc2 Qf6 16. Ne3 Ne7 17. Qa4+ Kd8 18. Qxa5 Qh6 19. d4 exd4 20. cxd4 Nc6 21. Qa4 Nxd4 22. e5 Bd7 23. b5 f5 24. exf6 Nf5 25. Nxf5 Qxd2 26. Qb4 {½-½ Ilinca,F (2379)-Gholami Orimi,M (2505) 3rd Leca Chess Open 2024 (9.3)}) ({RR} 11... Nd7 12. b4 h5 13. h4 g4 14. Nh2 Nf8 15. b5 Nd8 16. d4 Ng6 17. Kh1 Nxh4 18. f4 Nxg2 19. Kxg2 h4 20. Be1 g3 21. Ng4 h3+ 22. Kxg3 Qh4+ 23. Kh2 Qxg4 24. Qxg4 Bxg4 25. Rg1 Be6 26. fxe5 {1-0 Papp,G (1895)-Csonka,B (2473) ch-HUN Blitz 2024 (12.15)}) 12. b4 O-O-O 13. b5 Nb8 14. d4 Nh5 15. Bxe5 dxe5 16. Nxe5 Nf4 17. Nxf7 Bxb5 18. Nxh8 Bxc4 19. Nxc4 Qxe4 20. Qg4+ Nd7 21. Rae1 Qd5 22. Ne3 Qg8 23. g3 h5 24. Qf5 Rf8 25. Qxa5 Bb6 26. Qa8+ Nb8 27. Qa4 Nh3+ 28. Kg2 Nf4+ 29. Kh1 Nh3 30. Nf5 Qxh8 31. Ne7+ Kd8 32. Qa8 Kd7 33. Qxb7 Qf6 34. Kg2 g4 35. Qd5+ 1-0

[Event "45th Olympiad Budapest 2024"]
[Site "Budapest"]
[Date "2024.09.19"]
[Round "8"]
[Board "2"]
[White "Gurel, Ediz"]
[Black "Petrov, Nikita"]
[Result "1-0"]
[WhiteElo "2602"]
[BlackElo "2574"]
[PlyCount "87"]
[EventDate "2024.09.11"]
[EventType "team-tourn"]
[EventRounds "11"]
[EventCountry "HUN"]
[WhiteTeam "Turkiye"]
[BlackTeam "Montenegro"]
[BlackTeamCountry "MNE"]

1. d4 Nf6 2. c4 e6 3. Nc3 Bb4 4. Qc2 O-O 5. a3 Bxc3+ 6. Qxc3 Re8 ({RR} 6... Nc6 7. e3 Re8 8. Ne2 d5 9. cxd5 Ne4 10. Qd3 exd5 11. f3 Nd6 12. Nf4 g5 13. Nxd5 Nf5 14. Nc3 Nfxd4 15. Kf2 Bf5 16. e4 Be6 17. Rb1 Bb3 18. Qd2 Re5 19. h4 g4 20. Qh6 Re6 21. Qg5+ {1-0 L'Ami,E (2627)-Vidit,S (2716) FIDE Grand Swiss 2023 (1.15)}) ({RR} 6... c5 7. Bg5 h6 8. Bxf6 Qxf6 9. Nf3 Nc6 10. e3 b6 11. Bd3 Bb7 12. dxc5 Qxc3+ 13. bxc3 bxc5 14. Rb1 Ba6 15. Nd2 d5 16. Be2 Ne5 17. cxd5 Bxe2 18. Kxe2 exd5 19. f4 Ng4 20. h3 Nf6 21. Rb5 {0-1 Ivashentseva,D (1958)-Sovetbekova,N (1940) Titled Tue 6th Aug Early 2024 (4)}) 7. Nf3 $146 ({RR} 7. Bg5 d6 8. e3 b6 9. Ne2 e5 10. Qc2 Nbd7 11. d5 h6 12. Bh4 Nf8 13. Nc3 Ng6 14. Bg3 Nd7 15. Be2 a5 16. O-O Ndf8 17. Bd3 Qd7 18. f4 exf4 19. exf4 Ba6 20. Ne4 c6 21. f5 Ne5 {1-0 Lalic,B (2438)-Cupic,L (2210) Bjelovar op 2017 (7)}) 7... d6 8. Bg5 h6 9. Bh4 Qe7 10. e3 e5 11. dxe5 dxe5 12. Be2 Bf5 13. Nd2 Ne4 14. Nxe4 Qxh4 15. Ng3 Bg4 16. Bxg4 Qxg4 17. O-O Nd7 18. Rad1 Nf6 19. Rd2 h5 20. Qc2 Rad8 21. Rfd1 Rxd2 22. Rxd2 e4 23. h3 Qe6 24. Ne2 Qe5 25. Nc3 c6 26. Qa4 Qc5 27. Rd4 a5 28. Qb3 Re7 29. Na4 Qe5 30. Qb6 g5 31. Nc5 g4 32. Nxb7 gxh3 33. Qxa5 hxg2 34. Kxg2 Nd5 35. cxd5 Rxb7 36. Qd8+ Kh7 37. dxc6 Rxb2 38. Rd5 Rxf2+ 39. Kxf2 Qh2+ 40. Ke1 Qg1+ 41. Kd2 Qf2+ 42. Kc3 Qxe3+ 43. Kb4 Qe1+ 44. Ka4 1-0

[Event "45th Olympiad Budapest 2024"]
[Site "Budapest"]
[Date "2024.09.19"]
[Round "8"]
[Board "3"]
[White "Djukic, Nikola"]
[Black "Erdogmus, Yagiz Kaan"]
[Result "0-1"]
[WhiteElo "2515"]
[BlackElo "2592"]
[PlyCount "88"]
[EventDate "2024.09.11"]
[EventType "team-tourn"]
[EventRounds "11"]
[EventCountry "HUN"]
[WhiteTeam "Montenegro"]
[BlackTeam "Turkiye"]
[WhiteTeamCountry "MNE"]

1. e4 e5 2. Nf3 Nc6 3. Bb5 a6 4. Ba4 Nf6 5. O-O Be7 6. d3 b5 7. Bb3 d6 8. c3 O-O 9. h3 Na5 10. Bc2 c5 11. d4 Qc7 12. d5 c4 13. b4 Nb7 14. a4 bxa4 $146 ({RR} 14... Bd7 15. a5 Ne8 16. Be3 g6 17. Bh6 Ng7 18. g4 Qc8 19. Kh1 f5 20. gxf5 gxf5 21. Rg1 Rf7 22. Ng5 Bxg5 23. Rxg5 fxe4 24. Qg1 Qf8 25. Nd2 Bxh3 26. Nxe4 Kh8 27. Nf6 Qe7 28. Bxg7+ Rxg7 29. Rxg7 {1-0 Smirnov,M (2300)-Shubhi Gupta (2013) Titled Tue 10th Sep Early 2024 (8)}) 15. Re1 a5 16. Bxa4 Bd7 17. Bd2 Rfc8 18. Qc2 Bd8 19. Ra3 Bxa4 20. Rxa4 Qd7 21. Qa2 h6 22. Bc1 Qb5 23. g3 Nd7 24. Be3 Bb6 25. Ra3 Bxe3 26. Rxe3 Nb6 27. bxa5 Rxa5 28. Rxa5 Nxa5 29. Nbd2 Nb3 30. Qa3 Nc5 31. Qa7 Nba4 32. Qe7 Qd7 33. Qxd7 Nxd7 34. Ne1 f5 35. exf5 Nf6 36. Nc2 Nxd5 37. Re4 Nab6 38. Nb1 Ra8 39. Re2 Ra2 40. Rd2 Rb2 41. Nba3 Kf7 42. f4 exf4 43. gxf4 Rb3 44. Kf2 Nxc3 0-1

[Event "45th Olympiad Budapest 2024"]
[Site "Budapest"]
[Date "2024.09.19"]
[Round "8"]
[Board "4"]
[White "Can, Emre"]
[Black "Draskovic, Luka"]
[Result "1/2-1/2"]
[WhiteElo "2547"]
[BlackElo "2497"]
[PlyCount "149"]
[EventDate "2024.09.11"]
[EventType "team-tourn"]
[EventRounds "11"]
[EventCountry "HUN"]
[WhiteTeam "Turkiye"]
[BlackTeam "Montenegro"]
[BlackTeamCountry "MNE"]

1. e4 d6 2. d4 Nf6 3. Nc3 e5 4. Nf3 Nbd7 5. Rg1 c6 6. g4 h6 7. Be3 Be7 8. a3 ({RR} 8. Qd2 exd4 9. Qxd4 Qa5 10. Be2 Ne5 11. h3 Be6 12. a3 Nfd7 13. Qd2 Nxf3+ 14. Bxf3 O-O-O 15. Be2 Bf6 16. f4 Bxc3 17. Qxc3 Qxc3+ 18. bxc3 Rhe8 19. O-O-O Nb6 20. f5 Bd5 21. Bd4 f6 22. exd5 Rxe2 {0-1 Jones,G (2672)-Ding,L (2799) Charity Cup Prelim rapid 2022 (11)}) 8... Nf8 9. h3 Ng6 10. Qd2 $146 ({RR} 10. g5 hxg5 11. Nxg5 d5 12. dxe5 Nxe4 13. Ncxe4 dxe4 14. Qxd8+ Bxd8 15. Nxf7 Kxf7 16. Bc4+ Be6 17. Bxe6+ Kxe6 18. Rxg6+ Kxe5 19. Rxg7 Rxh3 20. Ke2 Bb6 21. Bxb6 axb6 22. Rxb7 b5 23. Re7+ Kf5 24. Rd1 Ra4 {1-0 Kantor,G (2525)-Narciso Dublan,M (2400) 25th Sants Open 2024 (7.7)}) 10... Nh7 11. O-O-O Ng5 12. Qe2 Qc7 13. Kb1 Nxf3 14. Qxf3 Bg5 15. Bc4 b5 16. Bb3 Nh4 17. Qg3 Ng6 18. Ne2 Bb7 19. f4 exf4 20. Nxf4 Nxf4 21. Bxf4 O-O-O 22. h4 Bxf4 23. Qxf4 Rd7 24. Rgf1 Kb8 25. g5 hxg5 26. hxg5 d5 27. e5 g6 28. Qf6 Re8 29. c3 Rde7 30. Bc2 Bc8 31. Rh1 Be6 32. Rh7 c5 33. dxc5 Qxc5 34. Rd4 Rb7 35. Rh8 Rxh8 36. Qxh8+ Kc7 37. Qf6 Rb6 38. Qf4 Rb8 39. Qh2 Kb7 40. Ka1 Ka8 41. Bb3 Rd8 42. Qd2 Rd7 43. Bd1 Rd8 44. Bf3 Rd7 45. Qd3 Kb8 46. Bg4 Bxg4 47. Rxg4 Re7 48. Rb4 a6 49. a4 Rb7 50. e6 Qg1+ 51. Ka2 Qxg5 52. exf7 Rxf7 53. axb5 Rb7 54. b6 Qf6 55. Qxa6 Qe6 56. Rd4 g5 57. Qa5 Rxb6 58. Qxd5 Qxd5+ 59. Rxd5 Rg6 60. Rd3 g4 61. Rg3 Kc7 62. b4 Kd6 63. Kb3 Kd5 64. c4+ Kd4 65. c5 Kd5 66. Kc3 Rg8 67. Kd3 Rg7 68. Kc3 Rg8 69. Kb3 Rg7 70. Rd3+ Kc6 71. Kc4 g3 72. b5+ Kb7 73. Rd1 g2 74. Rg1 Rg5 75. Kd4 1/2-1/2

[Event "45th Olympiad Budapest 2024"]
[Site "Budapest"]
[Date "2024.09.19"]
[Round "8"]
[Board "1"]
[White "Cheparinov, Ivan"]
[Black "Supi, Luis Paulo"]
[Result "1/2-1/2"]
[WhiteElo "2628"]
[BlackElo "2570"]
[PlyCount "98"]
[EventDate "2024.09.11"]
[EventType "team-tourn"]
[EventRounds "11"]
[EventCountry "HUN"]
[WhiteTeam "Bulgaria"]
[BlackTeam "Brazil"]
[WhiteTeamCountry "BUL"]
[BlackTeamCountry "BRA"]

1. d4 d5 2. c4 e6 3. Nf3 a6 4. g3 dxc4 5. Bg2 Nc6 6. O-O Rb8 ({RR} 6... Bd7 7. e3 Rb8 8. Qe2 b5 9. b3 cxb3 10. axb3 Qc8 11. e4 Nf6 12. d5 Nb4 13. Nc3 Be7 14. Nd4 c5 15. dxe6 fxe6 16. Nf3 Nc6 17. Bf4 Rb6 18. Rfd1 O-O 19. e5 Nd5 20. Rxd5 exd5 21. Nxd5 {½-½ Cheparinov,I (2678)-Ponkratov,P (2605) Wch Blitz 7th 2013 (6)}) 7. a4 ({RR} 7. Qc2 b5 8. b3 Nb4 9. Qd1 cxb3 10. axb3 Nf6 11. Ne5 Bd6 12. Bd2 Rb6 13. Bxb4 Bxb4 14. Nc6 Qd6 15. Qc2 O-O 16. Nxb4 Qxb4 17. e3 Qd6 18. Nd2 Bb7 19. Bxb7 Rxb7 20. Rfc1 Ra8 21. Nf3 a5 {½-½ Dubov,D (2703)-Rakhmanov,A (2634) RUS-chT rapid 2018 (8.5)}) 7... Bb4 $146 ({RR} 7... b5 8. axb5 axb5 9. b3 cxb3 10. Qxb3 Nf6 11. Rd1 Bd7 12. Nc3 b4 13. Na4 Bd6 14. Bb2 O-O 15. Ne5 Qe8 16. Nc5 Bxc5 17. dxc5 Nxe5 18. Bxe5 Nd5 19. e4 Nc3 20. Bxc3 bxc3 21. Qxc3 Bc6 22. Qe5 {1-0 Agasiyev,K (2441)-Mouhamad,J (2266) chess.com SpeedChess Q2Sw 2022 (9)}) ({RR} 7... b5 8. axb5 axb5 9. b3 cxb3 10. Qxb3 Nf6 11. Rd1 Be7 12. e4 Nxe4 13. Ne5 Nxd4 14. Qe3 Qd5 15. Qxe4 Qxe4 16. Bxe4 Ne2+ 17. Kf1 Nxc1 18. Bc6+ Kf8 19. Rxc1 Bf6 20. f4 Bxe5 21. fxe5 Ke7 22. Nc3 {1-0 Mikhalsky,V (2223)-Adan Bermudez,S (2305) Titled Tue 7th May Late 2024 (7)}) ({RR} 7... b5 8. b3 cxb3 9. Qxb3 Nf6 10. Bg5 Be7 11. axb5 axb5 12. Rc1 Nxd4 13. Nxd4 Qxd4 14. Ra2 O-O 15. Rxc7 Qb4 16. Qc2 e5 17. Nc3 Be6 18. Rb2 Qd6 19. Nxb5 Qd8 20. Rb1 Rc8 21. Rd1 Qe8 22. Bxf6 {½-½ Dang,H (2363)-Isajevsky,A (2403) Titled Tuesday intern op 18th May blitz 2021 (6)}) ({RR} 7... b5 8. axb5 axb5 9. Ne5 Nxe5 10. dxe5 Qxd1 11. Rxd1 Ne7 12. Nc3 b4 13. Ne4 Nd5 14. Rd4 Bd7 15. Rxc4 Bb5 16. Rd4 h6 17. Bf1 Be7 18. b3 O-O 19. Bb2 c5 20. Rd2 Nb6 21. Ra5 Bc6 22. Nxc5 {1-0 Petkov,M (2513)-Tampea,R (2207) Romania GP Brasov 2023 (8.13)}) 8. Qc2 b5 9. axb5 axb5 10. b3 Nf6 11. Rd1 O-O 12. bxc4 bxc4 13. Qxc4 Na5 14. Qc2 Bb7 15. Bf4 Qd5 16. Qxc7 Nc4 17. Ra7 Qb5 18. Rc1 Bd5 19. Nc3 Bxc3 20. Rxc3 Rbc8 21. Qe7 Qb2 22. Rc1 Qxe2 23. Re1 Qb2 24. Ng5 Rce8 25. Qc7 Qb4 26. Rea1 Rc8 27. Qe7 Qxe7 28. Rxe7 Bxg2 29. Kxg2 h6 30. Nf3 Nd5 31. Rb7 g5 32. Bc1 Ra8 33. Rba7 Rxa7 34. Rxa7 Rc8 35. Ba3 g4 36. Ne5 Nxe5 37. dxe5 Rc2 38. Kf1 Kg7 39. Rb7 Kg6 40. Rb8 Kf5 41. Rf8 Rc7 42. Bd6 Rb7 43. Kg2 Ke4 44. h3 gxh3+ 45. Kxh3 Kf3 46. Bc5 Rc7 47. Bd6 Rb7 48. Bc5 Rc7 49. Bd6 Rb7 1/2-1/2

[Event "45th Olympiad Budapest 2024"]
[Site "Budapest"]
[Date "2024.09.19"]
[Round "8"]
[Board "2"]
[White "Fier, Alexandr"]
[Black "Naiditsch, Arkadij"]
[Result "1/2-1/2"]
[WhiteElo "2551"]
[BlackElo "2643"]
[PlyCount "98"]
[EventDate "2024.09.11"]
[EventType "team-tourn"]
[EventRounds "11"]
[EventCountry "HUN"]
[WhiteTeam "Brazil"]
[BlackTeam "Bulgaria"]
[WhiteTeamCountry "BRA"]
[BlackTeamCountry "BUL"]

1. e4 e5 2. Nf3 Nc6 3. Bb5 Nf6 4. O-O Nxe4 5. Re1 Nd6 6. Nxe5 Be7 7. Bf1 Nxe5 8. Rxe5 O-O 9. d4 Bf6 10. Re1 Re8 11. c3 Rxe1 12. Qxe1 Qe7 ({RR} 12... Ne8 13. Bf4 d5 14. Bd3 g6 15. Nd2 Ng7 16. Qe2 c6 17. Re1 Bf5 18. Bxf5 Nxf5 19. Nf3 Ng7 20. Be5 Bxe5 21. Nxe5 Qd6 22. Nd3 Re8 23. Qd2 f6 24. Rxe8+ Nxe8 25. Qe3 Kf7 26. Qh6 Kg8 27. Qe3 {½-½ Carlsen,M (2862)-So,W (2770) Opera Euro Rapid KO 2021 (3.13)}) 13. Qxe7 Bxe7 14. a4 b6 $146 ({RR} 14... Ne8 15. a5 d5 16. Bf4 Bd6 17. Bxd6 Nxd6 18. Nd2 Bd7 19. f3 Re8 20. Kf2 f6 21. Nb3 g5 22. Nc5 Bf5 23. b3 Kg7 24. c4 dxc4 25. bxc4 Bc8 26. Bd3 h5 27. Rb1 h4 28. Ne4 Rd8 29. d5 {1-0 Kovalev,V (2623)-Duda,J (2724) Titled Tue 28th Mar Late 2023 (6)}) ({RR} 14... Ne8 15. a5 c6 16. Bf4 g5 17. Be3 d5 18. Nd2 Nd6 19. Nb3 Bf5 20. h3 h5 21. f3 h4 22. Nc5 Re8 23. Re1 Bd8 24. b4 b6 25. axb6 axb6 26. Nd3 f6 27. Bf2 Rxe1 28. Bxe1 Bc7 29. g4 {½-½ Muzychuk,A (2505)-Ju,W (2559) 12th Norway Chess Women 2024 (7.3)}) ({RR} 14... a5 15. Na3 Ne8 16. d5 d6 17. Be3 Kf8 18. f3 h6 19. Bb5 Nf6 20. Rd1 Bd7 21. Bxd7 Nxd7 22. Nb5 Rc8 23. Kf2 Ke8 24. g4 Ne5 25. Kg3 Nc4 26. Bc1 c6 27. Nd4 Bf8 28. b3 Nb6 29. dxc6 {½-½ Zhou Weiqi (2593)-Ma Qun (2653) TCh-CHN DivA Finals 2023 (10.3)}) 15. a5 Bb7 16. Bf4 g5 17. Bxd6 Bxd6 18. Nd2 Bf8 19. Nc4 b5 20. a6 Bc8 21. Ne3 c6 22. Bd3 d5 23. b4 h5 24. g3 Kg7 25. Bf5 Bxf5 26. Nxf5+ Kg6 27. Ne3 Re8 28. Kf1 g4 29. Re1 Re4 30. Nc2 Kf5 31. Na1 Ke6 32. Nb3 f5 33. Nd2 Rxe1+ 34. Kxe1 f4 35. Ke2 Bd6 36. Nb3 Bc7 37. Nd2 Kf5 38. Nf1 Bd8 39. Nd2 h4 40. Kd3 Kg5 41. Nf1 Bc7 42. Ke2 Bd6 43. Kd3 Be7 44. Nd2 Kf5 45. Ke2 Bg5 46. Nb3 Bd8 47. Nd2 Bc7 48. Nf1 Kg5 49. Kd3 Bd6 1/2-1/2

[Event "45th Olympiad Budapest 2024"]
[Site "Budapest"]
[Date "2024.09.19"]
[Round "8"]
[Board "3"]
[White "Petkov, Momchil"]
[Black "Quintiliano, Renato R."]
[Result "1/2-1/2"]
[WhiteElo "2540"]
[BlackElo "2499"]
[PlyCount "90"]
[EventDate "2024.09.11"]
[EventType "team-tourn"]
[EventRounds "11"]
[EventCountry "HUN"]
[WhiteTeam "Bulgaria"]
[BlackTeam "Brazil"]
[WhiteTeamCountry "BUL"]
[BlackTeamCountry "BRA"]

1. d4 d5 2. c4 dxc4 3. Nf3 Nf6 4. e3 e6 5. Bxc4 c5 6. O-O a6 7. Re1 b5 ({RR} 7... Nc6 8. Bd3 cxd4 9. exd4 Be7 10. Nc3 O-O 11. Ne5 Nxd4 12. Bf4 Nf5 13. Qc2 Nd4 14. Qd1 Nf5 15. Qf3 Nh4 16. Qh3 Nd5 17. Bg3 Ng6 18. Rad1 Bf6 19. Bb1 Qb6 20. Qh5 Nxc3 21. bxc3 Bxe5 22. Bxe5 {½-½ Mamedyarov,S (2782)-Dominguez Perez,L (2758) Sinquefield Cup 8th 2021 (5)}) 8. Bf1 Bb7 9. a4 bxa4 ({RR} 9... b4 10. Nbd2 cxd4 11. exd4 Be7 12. a5 O-O 13. Nc4 Nd5 14. Bd3 Nd7 15. Bd2 N7f6 16. Nfe5 Nc7 17. Nb6 Ra7 18. Bg5 Ncd5 19. Rc1 Nxb6 20. axb6 Qxb6 21. Bxf6 Bxf6 22. Nd7 Qd8 23. Nxf8 Kxf8 24. Qh5 {1-0 Pantzar,M (2461)-Matthiesen,A (2318) 61st TCh-DEN Ex 2023-24 (6.2)}) 10. e4 $146 ({RR} 10. Qxa4+ Qd7 11. Nbd2 cxd4 12. Nxd4 Nc6 13. Nc2 Be7 14. Nc4 Rd8 15. b3 O-O 16. Bb2 Qc7 17. h3 Ne4 18. Nd4 Nc5 19. Qa2 Qb8 20. Nxc6 Bxc6 21. Bd4 Qxb3 22. Qe2 Qb8 23. Qg4 g6 24. Rab1 Qc7 {½-½ Ushenina,A (2423)-Babiy,O (2296) EU-ch (Women) 22nd 2022 (8)}) 10... Be7 11. e5 Nd5 12. dxc5 Bxc5 13. Nbd2 Nd7 14. Ne4 Be7 15. Bg5 O-O 16. Bxe7 Qxe7 17. Rxa4 Rfb8 18. Qd2 Bc6 19. Rxa6 Rxa6 20. Bxa6 Qb4 21. Nd4 Ba8 22. Nc3 Qxb2 23. Qxb2 Rxb2 24. Nxd5 Bxd5 25. Bf1 g5 26. f3 Kg7 27. Re3 Nf8 28. g3 Rb4 29. Nb5 Ng6 30. Nd6 Rb3 31. Rxb3 Bxb3 32. Ne8+ Kf8 33. Nf6 h6 34. Nd7+ Ke7 35. Bb5 Bc4 36. Ba4 Ba6 37. Kf2 Bc8 38. Nb6 Kd8 39. f4 gxf4 40. gxf4 Nxf4 41. Bc2 Bb7 42. Nc4 Ba6 43. Ne3 h5 44. Ng2 Nxg2 45. Kxg2 Ke7 1/2-1/2